Постановление ЦК ВКП(б) "О международном коммунистическом женском дне - 8 марта"

RUSMARC
00004274cbm0a2200277#x 450
001f38fd38a-fe1e-4f43-a772-7a9a6702bcab
00520221228140229.0
100##$a20221227j19420306k###0rusy50 ca
1010#$arus
102##$aRU
1220#$ad19420306####
2001#$aПостановление ЦК ВКП(б) "О международном коммунистическом женском дне - 8 марта"
$j6 марта 1942 г.
251##$cДокумент
300##$aПодлинник. Правка простым и красным карандашом - автограф И. В. Сталина
461#0$12001
$aФ. 17
$1251
$cФонд
$1852
$j17
462#0$12001
$aОп. 163
$1251
$cОпись
$1852
$j163
462#0$12001
$aД. 1333
$vЛ. 23-28
$1251
$cДело
$1852
$j1333
605##$2prlib_sh
$3LIBNET\UAF\0000088514
$aВторая мировая война в архивных документах (Комплекс оцифрованных архивных документов, кино- и фотоматериалов)
$lколлекция
6061#$2nlr_sh
$3RU\NLR\AUTH\668893
$aВеликая Отечественная война
$z1941 - 1945
$jДокументы и материалы
607##$2nlr_sh
$3RU\NLR\AUTH\661372438
$aСССР
$xПолитика и управление
$z1941 - 1945
$jДокументы и материалы
686##$a63.3(2)622-33ю11
$vLBC/M
$2rubbk
801#0$aRU
$bПБ им. Б.Н. Ельцина
$c20221227
801#1$aRU
$bПБ им. Б.Н. Ельцина
$c20221227
$2rusmarc
801#2$aRU
$bПБ им. Б.Н. Ельцина
$c20221228
$2rusmarc
850##$aРоссийский государственный архив социально-политической истории
852##$aРГАСПИ
$jЛ. 23-28
035##$aLIBNET\0001299573
937##$d181770564
$hФедеральное архивное агентство
8564#$uhttp://readingroom.main.prlib.ru/item.aspx?id_node=n181770564&mode=full
Формат отображения